Mathematik für Volks- und Betriebswirte
Enregistré dans:
| Format: | Livre |
|---|---|
| Langue: | allemand |
| Publié: |
Wiesbaden
Gabler
1989
|
| Édition: | 4. vollst. überarb. Aufl. |
| Tags: |
Pas de tags, Soyez le premier à ajouter un tag!
|
MARC
| LEADER | 00000nam a2200000 4500 | ||
|---|---|---|---|
| 001 | c000054 | ||
| 005 | 20260326133257.3 | ||
| 020 | |a 3-409-30112-7 | ||
| 041 | 0 | |a ger | |
| 044 | |a DE | ||
| 245 | 1 | 0 | |a Mathematik für Volks- und Betriebswirte |c Waldemar Hofmann |
| 250 | |a 4. vollst. überarb. Aufl. | ||
| 264 | 1 | |a Wiesbaden |b Gabler |c 1989 | |
| 300 | |a 223 s. | ||